|
|
|
|
| LEADER |
01093cam a2200277 7i4500 |
| 001 |
0000030766 |
| 005 |
20171027090000.0 |
| 008 |
091202 eng |
| 020 |
|
|
|a 0977858243 (hbk.)
|
| 020 |
|
|
|a 9780977858248 (hbk.)
|
| 090 |
0 |
0 |
|a TA34
|b .B56 2007
|
| 100 |
1 |
|
|a Bali, N
|
| 245 |
1 |
0 |
|a Advanced engineering mathematics :
|b a computer approach
|c N. Bali, M. Goyal and C. Watkins.
|
| 250 |
|
|
|a 7th ed.
|
| 260 |
|
|
|a Hingham, Mass.:
|b Infinity Science Press LLC,
|c 2007.
|
| 300 |
|
|
|a xxvi, 1606 p.:
|b ill.;
|c 25 cm..
|
| 490 |
0 |
|
|a Mathematics series
|
| 500 |
|
|
|a Includes index
|
| 501 |
|
|
|a With CD-ROM : Advanced engineering mathematics : a computer approach / N. Bali, M. Goyal and C. Watkins
|
| 650 |
|
0 |
|a Engineering mathematics --
|x Data processing
|
| 700 |
1 |
|
|a Goyal, M
|
| 700 |
1 |
|
|a Watkins, C
|
| 997 |
|
|
|a Engineering & Life Sciences, Faculty
|b Engineering, Department
|
| 998 |
|
|
|a Mechanical Engineering, Degree
|
| 999 |
|
|
|a 0000035246
|b BOK
|c OPEN SHELF
|e 2nd Floor, Bestari Jaya
|
| 999 |
|
|
|a CDR0001533
|b CD-ROM
|c OPEN SHELF
|e Circulation Counter, Bestari Jaya
|